|
|
|
|
| LEADER |
00000ckm a2200000 a 4500 |
| 001 |
vtls001232602 |
| 003 |
SK-MaSNL |
| 005 |
20260331203805.0 |
| 007 |
kf co |
| 008 |
231121s1986 xo g 0kuslo |
| 015 |
|
|
|a SNBG1986
|
| 035 |
|
|
|a SNK000179610
|
| 035 |
|
|
|a E511AFA3-5648-4ED0-A47B-E8985AA08402
|
| 035 |
|
|
|a urn:nbn:sk:snk-km00girn
|
| 040 |
|
|
|a SNK
|b slo
|c SNK
|e AACR2
|
| 041 |
0 |
|
|a slo
|
| 043 |
|
|
|a e-xo---
|
| 044 |
|
|
|a xo
|c SK
|
| 072 |
|
7 |
|a 913
|x Regionálna geografia
|2 konspekt
|
| 080 |
|
|
|a 913(437.6)
|2 2011
|
| 080 |
|
|
|a 725.1:615.838
|2 2011
|
| 080 |
|
|
|a 725.1:613.47
|2 2011
|
| 080 |
|
|
|a 711.455:615.838
|2 2011
|
| 080 |
|
|
|a 630*10
|2 2011
|
| 080 |
|
|
|a 556.55
|2 2011
|
| 080 |
|
|
|a (084.121)
|2 2011
|
| 080 |
|
|
|a 913.437.675(084.121)
|2 1981
|
| 100 |
1 |
|
|a Zibrin, Zdeno
|c (fotograf)
|4 pht
|9 283305
|
| 245 |
1 |
0 |
|a Vyšné Ružbachy
|h grafika
|b Travertínové jazierko : Liečebný dom Dukla : Liečebný dom Trevertín, v pozadí prameň minerálnej vody
|c foto: Z. Zibrin, F. Vrbovský, A. Jiroušek ; výtvarný návrh: K. Izakovič
|
| 246 |
1 |
|
|i Názov na obrazovej časti:
|a Vyšné Ružbachy
|
| 260 |
|
|
|a Bratislava
|b ČSTK-Pressfoto
|c 1986
|e Skalica
|f Grafobal
|
| 300 |
|
|
|a 1 pohľadnica (3 čiastkové pohľady)
|b farebná
|c 11 x 15 cm
|
| 520 |
8 |
|
|a Zobrazenie: Tri čiastkové zasnežené pohľady, každý v bielom orámovaní, všetky spolu v striebornom orámovaní. V prvom pohľade je sivým písmom názov. Pohľad na travertínové jazierko, v pozadí vidno rad stromov bez lístia a za nimi hory. Pohľad na poschodový kúpeľný dom, pred ním je rad tují. Vľavo aj vpravo a v pozadí sú okolo neho ihličnaté stromy. Vpravo je vidno roh bazéna. Pohľad na poschodovú kúpeľnú budovu, v popredí je prameň liečivej vody. Vedľa neho je jedna osoba. Vpravo v pozadí vidno schodisko vedúce k liečebnému domu
|
| 610 |
2 |
7 |
|a Kúpele Vyšné Ružbachy (Slovensko)
|2 SNKKA
|9 59276
|
| 650 |
0 |
7 |
|a kúpele
|2 SNKPH
|9 1139
|
| 650 |
0 |
7 |
|a kúpeľné budovy
|2 SNKPH
|9 102104
|
| 650 |
0 |
7 |
|a jazerá
|2 SNKPH
|9 19987
|
| 650 |
0 |
7 |
|a bazény
|2 SNKPH
|9 30214
|
| 650 |
0 |
7 |
|a lesy
|2 SNKPH
|9 1437
|
| 651 |
|
7 |
|a Vyšné Ružbachy (Slovensko)
|2 SNKPHgeo
|9 22374
|
| 655 |
|
7 |
|a miestne pohľadnice
|2 SNKPH
|9 70510
|
| 655 |
|
7 |
|a geografické pohľadnice
|2 SNKPH
|9 70522
|
| 700 |
1 |
|
|a Vrbovský, František
|c (fotograf)
|4 pht
|9 283300
|
| 700 |
1 |
|
|a Jiroušek, Alexander,
|d 1934-2021
|4 pht
|9 223957
|
| 700 |
1 |
|
|a Izakovič, K.
|c (grafik)
|4 art
|9 179239
|
| 852 |
|
|
|a Slovenská národná knižnica
|
| 958 |
|
|
|a GBN
|
| 958 |
|
|
|a GC
|
| 958 |
|
|
|a OND
|
| 958 |
|
|
|a EUIPO
|
| 999 |
|
|
|c 1082821
|d 1084751
|
| 952 |
|
|
|a SNK
|b SNK
|y PREZ
|7 0
|p 17A1281753
|o snkSP 137630
|i snk679/87
|8 0
|0 0
|1 0
|4 0
|d 2020-11-18
|f 1
|l 0
|r 2026-02-24 16:30:38
|w 2026-02-24
|
| 952 |
|
|
|a SNK
|b SNK
|y PREZ
|7 0
|p 17A1281754
|o snkSP 137630 D1
|i snk680/87
|8 0
|0 0
|1 0
|4 0
|d 2020-11-18
|l 0
|r 2026-02-24 16:30:38
|w 2026-02-24
|